000 00493nam a22001577a 4500
005 20251108171815.0
008 250721s1995 xx 000 0 ara d
082 1 4 _a410/كما
100 1 _aبشر، كمال محمد
245 1 0 _aعلم اللغة الإجتماعي :
_bمدخل /
264 1 _aالقاهرة :
_bدار غريب للطباعة و النشر و التوزيع،
_c1995.
300 _a299ص
650 1 7 _aاللغة العربية
942 _2ddc
_cBK
999 _c63068
_d63068